00490nam a22001457a 4500003000500000005001700005008004100022020001800063040000900081082001500090100006300105245013300168260002900301300001400330CEME20210628204039.0210106b xxu||||| |||| 00| 0 eng d a9783642136801 cceme a006.42 IMA aElmoataz, Abderrahim, Lezoray, Olivier, Nouboud, Fathallah aImage and signal processing, 4th international conference, icisp 2010 trois-riviers, qc canada, june 30 july 2, 2010 proceedings aNEW YORKbSPRINGERc2010 aXVI, 603P